000 00612nam a2200241Ia 4500
003 OSt
005 20221005124540.0
006 a|||||r|||| 00| 0
007 ta
008 221004b |||||||| |||| 00| 0 ben d
024 _a47541
037 _cTextual
040 _aCRL
_cCRL
_bben
041 _2ben
_aben
082 _aO157,3M61,6, 31J0
100 _aTagore Rabindranath Au.
245 0 _aNalu adhyayam
260 _c1950
300 _a126p.
_ccm.
650 _aBENGALI FICTION
942 _hO157,3M61,6, 31J0
_cTEXL
_2cc
999 _c1050830
_d1050830